000 01831cam a2200373 i 4500
001 768714001
003 CO-MdFUSB
005 20220310094942.0
007 ta
008 980707t1998 nyu b 001 0 eng
020 _a1570751994
040 _aDLC
_cCO-MdFUSB
_dLHA
_dUtOrBLW
_bspa
_erda
041 1 _aeng
_hspa
082 _223
_a322.1098
_bK63
100 1 _aKlaiber, Jeffrey L.
_eautor
240 1 0 _aIglesia, dictaduras y democracia en América Latina.
245 1 4 _aThe church, dictatorships, and democracy in Latin America
_c/ Jeffrey Klaiber.
264 1 _aMaryknoll, N.Y. :
_bOrbis Books,
_c[1998]
264 4 _c©1998.
300 _aix, 326 pages ;
_c24 cm.
336 _atexto
_btxt
_2rdacontent.
337 _asin mediación
_bn
_2rdamedia.
338 _avolumen
_bnc
_2rdacarrier.
504 _aIncluye referencias bibliográficas (p. 297-317) e índice.
505 _aIglesia, poder y legitimidad popular -- Brasil (1964-1985) El primer estado de seguridad nacional -- Chile (1973-1990) La Vicaría de la Solidaridad y el Acuerdo Nacional -- Argentina (1976-1983) La "guerra sucia" - - Paraguay (1954-1989) La dictadura más larga -- Uruguay (1973-1990) Un largo silencio y un referéndum moral -- Bolivia (1952-1989) Huelgas, golpes y elecciones -- Perú (1980-1995) Sendero Luminoso -- El Salvador (1980-1992) La guerra civil más sangrienta -- Nicaragua (1979-1990) Cristianos y sandinistas -- Guatemala (1954-1996) La guerra civil más larga -- México El PRI y Chiapas -- Utopías y topias.
563 _aRústico
650 0 _9691
_aPolítica
_zAmérica Latina
653 _aIglesia Católica -- Historia -- América Latina.
653 _aGobierno -- América Latina.
653 _aAutoritarismo -- América Latina.
942 _cBK
945 _aJTF-925
999 _c67310
_d67310